|
|
|
|
| LEADER |
01079cam a2200217 7i4500 |
| 001 |
0000035987 |
| 005 |
20200616090000.0 |
| 020 |
|
|
|a 9780852955086
|
| 090 |
0 |
0 |
|a TP149
|b .I247 2007
|
| 111 |
2 |
|
|a International Symposium on Loss Prevention and Safety Promotion in the Process Industries
|c Edinburgh, Scotland
|d 2007
|n 12th
|
| 245 |
1 |
0 |
|a Loss Prevention 2007 :
|b 12th International Symposium on Loss Prevention and Safety Promotion in the Process Industries.
|
| 246 |
3 |
|
|a 12th International Symposium on Loss Prevention and Safety Promotion in the Process Industries.
|
| 260 |
|
|
|a Rugby, UK:
|b IChemE,
|c 2007.
|
| 300 |
|
|
|a 1 CD-ROM;
|c 4 3/4 in.
|
| 538 |
|
|
|a System requirements: CD-ROM drive; Adobe Acrobat Reader with Search (version 6.0 or above)
|
| 650 |
0 |
0 |
|a Chemical industry --
|x Safety measures
|
| 650 |
0 |
0 |
|a Chemical engineering --
|x Safety measures
|
| 710 |
2 |
|
|a Institution of Chemical Engineers (Great Britain)
|
| 997 |
|
|
|a Health Sciences, Faculty
|
| 998 |
|
|
|a Occupational Safety & Health, Degree
|
| 999 |
|
|
|a CDR0001812
|b CD-ROM
|c REFERENCE
|e Circulation Counter, Shah Alam
|